Hidráulica de Tuberías
| Main Author: | |
|---|---|
| Format: | Section = Libro |
| Language: | Undetermined Spanish |
| Published: |
Colombia
Forma
2001
|
| Subjects: |
| LEADER | 00548nam a2200205Ia 4500 | ||
|---|---|---|---|
| 008 | 241007s9999||||xx |||||||||||||| ||und|| | ||
| 020 | |a 958-600-831-2 | ||
| 040 | |a BIBLIOTECA-RURC/ 627.9 S 319 | ||
| 041 | |a spa | ||
| 082 | |a 627.9 S 319 | ||
| 100 | 1 | |a Saldarriaga, Juan | |
| 245 | 1 | 0 | |a Hidráulica de Tuberías |
| 260 | |a Colombia |b Forma |c 2001 | ||
| 300 | |a 564 p. :il. | ||
| 650 | 7 | |a FLUJO DE TUBERÍAS | |
| 650 | 7 | |b DISEÑO DE TUBERÍAS SIMPLES | |
| 650 | 7 | |c BOMBAS EN SISTEMAS DE TUBERÍAS. | |
| 942 | |c BK |2 ddc | ||
| 991 | |a TEXTO | ||
| 999 | |c 14499 | ||